Central Library OPAC University of Rajshahi

Tertullian, Apology, De spectaculis / (Record no. 35221)

MARC details
000 -LEADER
fixed length control field 01445mam a22003491 4500
001 - CONTROL NUMBER
control field 35221
003 - CONTROL NUMBER IDENTIFIER
rucl marc code BD-RjUL
005 - DATE AND TIME OF LATEST TRANSACTION
control field 20211209052300.0
008 - FIXED-LENGTH DATA ELEMENTS--GENERAL INFORMATION
fixed length control field 140521s19581931mau 001 0 eng d
035 ## - SYSTEM CONTROL NUMBER
System control number (OCoLC)364127
System control number (OCoLC)ocm00364127
System control number (CStRLIN)MIFG89-B30474
System control number (BD-RjUL)35315
System control number (NNC)1733939
040 ## - CATALOGING SOURCE
Original cataloging agency NBiSU
Transcribing agency NBiSU
Modifying agency MiFliC
-- BD-RjUL
Language of cataloging eng
041 0# - LANGUAGE CODE
Language code of text/sound track or separate title englat
Language code of original lat
082 ## - DEWEY DECIMAL CLASSIFICATION NUMBER
Classification number TET 1958
Author mark and year 189.2
100 0# - MAIN ENTRY--PERSONAL NAME
Personal name Tertullian,
Dates associated with a name approximately 160-approximately 230.
9 (RLIN) 107300
245 00 - TITLE STATEMENT
Title Tertullian, Apology, De spectaculis /
Statement of responsibility, etc. with an English translation by t. R. Glover ... Minucius Felix, with an English translation by Gerald H. Rendall ... based on the unfinsihed version by W. C. A. Kerr.
260 ## - PUBLICATION, DISTRIBUTION, ETC. (IMPRINT)
Place of publication, distribution, etc. Cambridge, Mass :
Name of publisher, distributor, etc. Harvard University Press,
Date of publication, distribution, etc. 1958.
300 ## - PHYSICAL DESCRIPTION
Pagination xxvii, 445, [1] p. ;
Size 17 cm.
490 1# - SERIES STATEMENT
Series statement The Loeb classical library. Latin [authors]
500 ## - GENERAL NOTE
General note Latin and English on opposite pages.
General note First published 1931.
504 ## - BIBLIOGRAPHY, ETC. NOTE
Bibliography, etc Includes index.
650 #0 - SUBJECT ADDED ENTRY--TOPICAL TERM
Topical term or geographic name as entry element Apologetics
General subdivision History
Chronological subdivision Early church, ca. 30-600.
9 (RLIN) 107301
700 1# - ADDED ENTRY--PERSONAL NAME
Personal name Glover, T. R.
Fuller form of name (Terrot Reaveley),
Dates associated with a name 1869-1943,
Relator term translator.
Personal name Rendall, Gerald H.
Fuller form of name (Gerald Henry),
Dates associated with a name 1851-1945,
Relator term translator.
Personal name Ker, Walter C. A.
Fuller form of name (Walter Charles Alan),
Dates associated with a name 1853-1929,
Relator term translator.
830 #0 - SERIES ADDED ENTRY--UNIFORM TITLE
Uniform title Loeb classical library.
942 ## - ADDED ENTRY ELEMENTS (KOHA)
Source of classification or shelving scheme Dewey Decimal Classification
Koha item type Books
Holdings
Lost status Source of classification or shelving scheme Damaged status Not for loan Collection code Permanent Location Current Location Shelving location Date acquired Source of acquisition Cost, normal purchase price Total Checkouts Full call number Date last seen Copy number Koha item type
  Dewey Decimal Classification   Not For Loan Non-fiction Central Library, University of Rajshahi Central Library, University of Rajshahi Reading Room 10/03/1955 Simphin Morshall 15.00   189.2 TET 1958 21/05/2014 C-1 Books